000 01805nam a2200349Ia 4500
999 _c6665
_d6665
003 OSt
005 20200330121851.0
008 191128s1996 mx a gr 001 0 spa d
020 _a968654836X
040 _aCO-JMCR
_cCO-JMCR
082 0 4 _a030 /
_bV473a
100 1 _aVera, José Luis,
_eCoordinación de texto
_92147
245 1 2 _aA ver si sabes ... :
_blibro - juego de preguntas y respuestas /
_cJosé Luis Vera, Susana Esquerdo, Mónica Marínez ; ilustraciones, Nuria peiriz, Francisco Ráfols
260 _aMéxico :
_bLexus,
_c1996
300 _a79 Páginas :
_bIlustraciones a color ;
_c27 cm.
490 0 _aPrograma educativo visual
500 _aVolumen 3 : Preguntas de 21 - 30
505 _a¿Para qué utilizan los barcos el sonar? -- ¿Todas las personas sueñan? -- ¿Cómo se llaman los cuatro tipos de ángulos? -- ¿Qué planeta no tiene satélites? -- ¿Cuál es la unidad de longitud adoptada internacional mente?
520 _aA ver si sabes… es un libro-juego de preguntas y respuestas pensando para que ´pueda participar toda la familia. Su objetivo es que los lectores se diviertan a la vez que aprenden y aprendan a la vez que se divierten
546 _aspa
650 1 4 _aFísica
_xpreguntas y respuestas
_92148
650 2 4 _aQuímica
_xpreguntas y respuestas
_92153
650 2 4 _aAstronomía
_xpreguntas y respuestas
_92154
650 2 4 _aGeografía
_xpreguntas y respuestas
_92155
650 2 4 _aTecnología
_x preguntas y respuestas
_92156
650 2 4 _aGramática
_xpreguntas y respuestas
_92157
700 1 _aSusana Esquerdo,
_eCoordinación de texto
_92149
700 1 _aMarínez, Mónica,
_eCoordinación de texto
_92150
700 1 _aPeiriz, Nuria,
_eilustradora
_92151
700 1 _aRáfols, Francisco,
_eIlustrador
_92152
942 _2ddc
_cBK